000 00322nam a2200145Ia 4500
008 230917s9999||||xx |||||||||||||| ||und||
040 _e138526
_aMAIN
041 _aEnglish
082 _a823.7 M541E
100 _aMeredith, George
245 0 _aEgoist
260 _bF. L. P. H
_c1962
300 _a669 p.
942 _cBK
999 _c200572
_d200572